[Event "RUS-ch 56th"]
[Site "Krasnoyarsk"]
[Date "2003.09.03"]
[Round "1"]
[White "Glek, Igor Vladimirovich"]
[Black "Iljin, Artem"]
[Result "1-0"]
[WhiteElo "2566"]
[BlackElo "2471"]
[Annotator "Erenburg,S"]
[PlyCount "79"]
[EventDate "2003.09.03"]
[EventType "swiss"]
[EventRounds "9"]
[EventCountry "RUS"]
[SourceTitle "CBM 098"]
[Source "ChessBase"]
[SourceDate "2004.02.03"]
[SourceVersion "1"]
[SourceVersionDate "2004.02.03"]
[SourceQuality "1"]

1. e4 c5 2. Nf3 e6 3. d3 Nc6 4. g3 Nge7 5. Bg2 {Logical alternative to the
move in the game is the plan connected with the breakthrough d3-d4:} (5. c3 g6
6. d4 cxd4 7. cxd4 Bg7 8. Nc3 d5 9. e5 f6 10. Bf4 O-O 11. Bg2 Nf5 12. O-O g5
13. exf6 {1/2-1/2 Psakhis,L-Livshits,G/1st Israel Int Op, Ashdod ISR 2003 (13)}
) 5... g6 6. h4 {White has the following options:} (6. c3 Bg7 7. d4 {1-0
Mortensen,E-Fries Nielsen,J/Aalborg 2000/CBM 77/[Mortensen,E] (45)}) (6. Nbd2
Bg7 {1-0 Pein,M-Emms,J/Southend 1999/CBM 71/[Smirin] (35)}) (6. d4 $5 cxd4 7.
Nxd4 Bg7 8. Nxc6 bxc6 9. Qd6 Ba6 10. Nc3 Qb6 $132 {[%cal Gc6c5] Morozevich,
A-Ree,H/Tilburg 1994 1-0 (28)}) 6... h6 {Black tried also} (6... Bg7 {0-1
Sandipan,C-Smirin,I/Moscow 2002/CBM 88/[Oratovsky,M] (42)}) (6... d5 7. h5 dxe4
8. dxe4 Qxd1+ 9. Kxd1 Bg7 10. Na3 O-O 11. c3 b6 12. hxg6 hxg6 13. Kc2 Ba6 14.
Bg5 Rac8 $13 {[%cal Gc6b4] 1-0 Yudasin,L-Khamrakulov,I/Ano Liosia 2001/CBM 79
ext (44)}) 7. c3 {preparing to take control over the centre with d3-d4.} (7.
Be3 Bg7 8. Nc3 Nd4 9. O-O O-O 10. Qd2 Kh7 11. Nh2 d6 12. f4 Rb8 13. Rae1 Qa5
14. g4 f5 $132 {0-1 Iuldachev,S-Hossain,E/Calcutta 2001/CBM 85 (31)}) (7. O-O
Bg7 8. c3 d5 9. Qe2 b6 10. e5 Qc7 11. Re1 Bb7 12. Na3 a6 13. Nc2 $14 {[%cal
Gd3d4] 1-0 Adams,M-Gurevich,M/Sarajevo 2000/CBM 77 (41)}) 7... Bg7 8. Be3 b6 9.
d4 cxd4 10. Nxd4 ({Probably white couldn't achieve anything special after} 10.
cxd4 d5) 10... O-O ({Black achieved an equality after} 10... Bb7 11. O-O (11.
h5 $5) 11... d5 12. Nxc6 Bxc6 13. Nd2 O-O $11 {1/2-1/2 Stepovaia Dianchenko,
T-Socko,M/Warsaw 1999/EXT 2000 (63)}) 11. O-O (11. Nxc6 Nxc6 12. Na3 Ba6 13.
Qa4 Qc8 14. Rd1 Ne5 15. Bd4 b5 16. Qb3 Qc6 17. Nc2 Bb7 18. O-O (18. h5 $5 g5
$140 19. f4 $1 $16) 18... a6 $11 {1-0 Glek,I-Stellwagen,D/Essent Open,
Hoogeveen NED 2003 (41)}) 11... Ba6 $146 {Black tries to emphasize the defect
of white's position- the weakness of the light squares. By the way, this
position appeared for the first time. In the previous game black continued with
} (11... Bb7 12. f4 d5 13. e5 Nxd4 14. cxd4 Nf5 15. Bf2 Qe7 16. Nc3 Rfc8 $11 {
1-0 Pina,S-Baron Isanta,J/Capablanca Mem Mixto, Havana CUB 2003 (32)}) 12. Nxc6
(12. Re1 Ne5 $11 (12... e5 $5 13. Nb3 f5 $36)) 12... Nxc6 {In my opinion,
black equalizes, if he chooses the following type of pawn structure:} (12...
dxc6 13. Re1 Qxd1 14. Rxd1 Rad8 15. Na3 $11) 13. Re1 Ne5 14. Na3 {covering the
c4 square, and, at the same time, completing the development,} (14. f4 $6 Nd3
15. Re2 d5 $1 16. exd5 exd5 17. Rd2 d4 $1 $15) 14... Qe7 {[%cal Ge5d3]} ({
In case of} 14... Nd3 {white's chances are slightly preferable after} 15. Re2
Qc7 16. Bd4 $1 $14 (16. Rd2 $2 Nxb2 $1 $17)) 15. Qa4 {White occupies quite an
active position by the queen, at the same time, setting free the d1 square for
another rook.} (15. Qd2 Kh7 16. Bd4 d6 17. f4 Rfd8 $11) 15... Bb7 16. Rad1 Bc6
17. Qb3 {preparing an advance on the kingside with f2-f4.} ({Interesting was} 
17. Qb4 Qxb4 18. cxb4 f5 19. f4 Nf7 20. e5 Rfd8 $14 {/=}) 17... f5 18. f4 Ng4 (
18... Nf7 19. exf5 gxf5 20. Bxc6 dxc6 21. Bd4 $14) 19. e5 $14 {White has got a
slight advantage, thanks to superior pawn structure. White's knight has a good
prospects on d6, where he can transfered via c4.} Bxg2 20. Kxg2 g5 {Black's
position is bad, from positional point of view, because of worse pawn
structure. Therefore he decides to sharpen the game.} 21. Qb5 $2 ({Better was} 
21. hxg5 hxg5 22. c4 $14) 21... Rad8 $2 {missing very important nuance:} (21...
d5 $1 22. hxg5 (22. exd6 Qb7+ 23. Kh3 (23. Kg1 Qf3 24. Qe2 Qxg3+ 25. Qg2 gxf4
$17) 23... gxf4 24. Bxf4 Nf2+ 25. Kh2 Nxd1 26. Rxd1 Rad8 $15) 22... hxg5 $13)
22. Nc4 $2 {White had to prevent black's counterplay, which is connected with
the breakthrough d7-d5:} (22. hxg5 hxg5 23. Qd3 $14) 22... d5 $1 23. Nd2 {
Other continuations don't change the evaluation:} (23. exd6 Qb7+ $17) (23. Nd6
gxf4 24. Bxf4 (24. gxf4 Qxh4) 24... Nxe5 $17) 23... d4 $2 ({Probably simple} 
23... Nxe3+ {was stronger:} 24. Rxe3 d4 (24... gxf4 25. gxf4 Qxh4 $17) 25. cxd4
gxf4 26. Rd3 (26. gxf4 Rxd4 $17) 26... fxg3 $17) 24. Bxd4 gxf4 25. gxf4 Qxh4
26. Nf3 {The position is not so clear, as none of the sides hasn't clear plan
to improve his position. So the opponents start with manouevres.} (26. Rh1 Qe7
27. Kf1 $1 $13 {[%cal Gh1g1]}) 26... Qh5 (26... Qe7 27. Rg1 Qb7 28. Qe2 Rf7 29.
Kf1 $14) 27. Qc6 Qg6 (27... Qf7 28. Rh1) (27... Rfe8 28. Rd2) 28. Nh4 Qf7 29.
Bf2 Rfe8 30. Nf3 Bf8 31. Rxd8 $6 {White shouldn't give up on "d" file. More
logical is} (31. Kf1 $11) 31... Rxd8 32. Bh4 $2 ({Better was to close the "d"
file for black, thus, robbing from him the invasion into white's camp.} 32. Bd4
$11) 32... Rd3 $1 {[%cal Gg4e3]} 33. Nd4 $2 {White had to cover the diagonal
g1-a7, particularly, the e3 square with} (33. Bf2 Qg7 (33... Qg6 34. Nh4) 34.
Bg3 Kh8 $1 $15) 33... Qg7 $2 {missing much more attractive option:} (33... Bc5
$1 34. Qxe6 Rd2+ 35. Kf3 Qxe6 36. Nxe6 Nh2+ 37. Kg3 Bf2+ 38. Kh3 Bxh4 $19 (
38... Bxe1 $19)) 34. Kf1 Rd2 $2 {losing the e6 pawn, afterware his position
becomes hopeless.} (34... Rh3 35. Qxe6+ Kh8 36. Bf6 Nxf6 37. Qxf6 Rh1+ 38. Kf2
Rh2+ 39. Ke3 $16) ({Black should defend the e6 pawn:} 34... Qf7 $1 35. Ke2 $1 (
35. Nxe6 $2 Qh5 $19) (35. Qxe6 Qxe6 36. Nxe6 Rh3 37. Bd8 Rh2 $13) 35... Rh3 36.
Rh1 Rxh1 37. Qxh1 Bc5 38. Qc6 Bxd4 39. cxd4 Kg7 $14) 35. Qxe6+ $18 Kh8 36. Re2
{White is a pawn up and he is going to capture another one- on f5. So, the
rest is a matter of an easy technique.} Rd1+ 37. Be1 Qb7 38. Qc6 Qf7 (38...
Qxc6 39. Nxc6 $18) 39. e6 Qf6 (39... Qg7 40. e7 (40. Qa8 $18) 40... Bxe7 41.
Qe8+ Bf8 42. Ne6 $18) 40. Qe8 {with following e6-e7.} 1-0

[Event "Olympiad-34"]
[Site "Istanbul"]
[Date "2000.11.10"]
[Round "13.1"]
[White "Campora, Daniel Hugo"]
[Black "Torre, Eugenio"]
[Result "1/2-1/2"]
[WhiteElo "2521"]
[BlackElo "2552"]
[Annotator "Ernst,T"]
[PlyCount "68"]
[EventDate "2000.10.28"]
[EventType "team-swiss"]
[EventRounds "14"]
[EventCountry "TUR"]
[SourceTitle "EXT 2001"]
[Source "ChessBase"]
[SourceDate "2000.11.22"]
[SourceVersion "1"]
[SourceVersionDate "2000.11.22"]
[SourceQuality "1"]
[WhiteTeam "Argentina"]
[BlackTeam "Philippines"]
[WhiteTeamCountry "ARG"]
[BlackTeamCountry "PHI"]

1. e4 c5 2. Nf3 e6 3. d4 cxd4 4. Nxd4 Qb6 5. Nc3 Bc5 6. Na4 Qa5+ 7. c3 Bxd4 8.
Qxd4 Nf6 9. Nc5 Nc6 10. Qe3 O-O 11. Nb3 (11. Be2 $14) 11... Qh5 (11... Qa4 $11)
12. f4 {This is far too aggressive} e5 $11 13. Qf3 Re8 14. Qxh5 Nxh5 15. f5 Nf6
16. Bd3 d5 17. Nd2 Ne7 18. O-O Bd7 19. exd5 Nexd5 20. Ne4 Bc6 21. Bg5 Nxe4 22.
Bxe4 f6 23. Rad1 Red8 24. Bc1 Nxc3 25. Rxd8+ Rxd8 26. Bxc6 Ne2+ 27. Kf2 Nxc1
28. Rxc1 bxc6 29. Rxc6 Rd2+ 30. Kf3 h5 31. Ra6 Rxb2 32. Rxa7 e4+ 33. Kg3 e3 34.
Re7 Rxa2 1/2-1/2

[Event "EU-Cup 16th"]
[Site "Neum"]
[Date "2000.09.29"]
[Round "6.2"]
[White "Adams, Michael"]
[Black "Filippov, Valerij"]
[Result "0-1"]
[WhiteElo "2755"]
[BlackElo "2593"]
[Annotator "Filippov,Va"]
[PlyCount "74"]
[EventDate "2000.09.24"]
[EventType "team-swiss"]
[EventRounds "7"]
[EventCountry "BIH"]
[SourceTitle "CBM 080"]
[Source "ChessBase"]
[SourceDate "2001.01.25"]
[SourceVersion "1"]
[SourceVersionDate "2001.01.25"]
[SourceQuality "1"]
[WhiteTeam "Breda"]
[BlackTeam "Tomsk Siberia"]
[WhiteTeamCountry "NED"]
[BlackTeamCountry "RUS"]

1. e4 c5 2. Nf3 e6 3. b3 d5 4. exd5 exd5 5. Bb5+ Bd7 6. Bxd7+ Qxd7 (6... Nxd7)
7. O-O Nc6 8. Re1+ Be7 9. d4 cxd4 10. Nxd4 O-O-O 11. c3 $6 $146 (11. Nxc6)
11... Nf6 (11... Bf6 $6 12. Bf4) 12. Nxc6 bxc6 13. Nd2 Rhe8 (13... Bc5 $6 14.
b4 $1 Bb6 15. a4 Ng4 16. Rf1 d4 17. Nc4 $1 (17. c4 $2 Ne3 $19) 17... dxc3 18.
Nxb6+ axb6 19. Qf3 $40) 14. Nf3 Ne4 15. Qc2 Bf6 16. Bb2 c5 17. b4 Qc6 (17... c4
$5 18. Rad1 g5 $1 19. Nd4 Bxd4 20. Rxd4 Nc5) 18. bxc5 Qxc5 19. Rac1 Re6 20. Nd4
Rb6 (20... Ra6 $2 21. c4 $1 $14) 21. Nb3 Qc4 22. Ba3 $1 Kb8 (22... Bg5 23. Rb1
Qxc3 24. Qe2 $44) 23. Bb4 Rc8 24. Qd1 Nxc3 25. Bxc3 Bxc3 26. Re3 d4 27. Rd3 Qb4
$6 (27... Qa4 $1 28. Qg4 Qxa2 29. Nxd4 Qb2 $15) 28. Qg4 Rbc6 $2 $138 29. g3 $2
$138 (29. Qxg7 $1 $14) 29... Qa3 30. Rc2 $2 (30. Rcd1 Qxa2 31. Nxd4 $11) 30...
Qa6 $1 31. Qf4+ R8c7 32. Rd1 $2 (32. Nxd4 $8 Bxd4 33. Rxc6 Bxf2+ 34. Qxf2 Qxc6
$17) 32... d3 $19 33. Rcc1 Qxa2 34. Nd4 Bxd4 $1 35. Qxd4 Rxc1 36. Qb4+ Ka8 37.
Qf8+ Rc8 0-1

[Event "RUS-ch51"]
[Site "St Petersburg"]
[Date "1998.08.06"]
[Round "10"]
[White "Morozevich, Alexander"]
[Black "Rublevsky, Sergei"]
[Result "1-0"]
[WhiteElo "2625"]
[BlackElo "2685"]
[Annotator "Ftacnik,L"]
[PlyCount "87"]
[EventDate "1998.07.28"]
[EventType "swiss"]
[EventRounds "11"]
[EventCountry "RUS"]
[SourceTitle "CBM 067"]
[Source "ChessBase"]
[SourceDate "1998.11.30"]
[SourceVersion "2"]
[SourceVersionDate "1998.11.01"]
[SourceQuality "1"]

1. e4 c5 2. Nf3 e6 3. Nc3 a6 4. g3 b5 5. Bg2 Bb7 6. d3 d6 7. O-O Nf6 8. Ng5 {
This jump is not a naive attempt to punish black for exposing himself early on
the queenside. It is a part of an attacking concept with f2-f4 push.} b4 (8...
Qc7 9. f4 Nc6 10. f5 exf5 11. Nd5 Nxd5 12. exd5 Ne7 13. Qe2 Bc8 14. Bd2 h6 15.
Nh3 b4 16. a3 g6 17. axb4 cxb4 18. Kh1 Rb8 19. c3 Bg7 {Haygarth,M-Clarke,P/
BCF-ch/1959/1/2-1/2 (44)}) (8... h6 9. Nh3 Nc6 (9... Qc7 10. f4 Be7 (10... Nbd7
11. f5 e5 12. Nf2 Be7 13. b3 Rc8 14. a4 Bc6 15. Qe2 Qb7 16. Be3 Bd8 17. axb5
axb5 {Balashov,Y-Bologan,V/Kstovo/1998/1/2-1/2 (49)}) 11. a4 b4 12. Nb1 O-O 13.
c3 bxc3 14. Nxc3 Nc6 15. Be3 Nd4 16. Nf2 Rab8 17. Bxd4 cxd4 18. Ne2 Qb6 19. Qd2
a5 20. b3 Ba6 {Kosanski,S-Sirotkina,N/Pula op/1990/0-1 (46)}) 10. f4 b4 (10...
Qc7 11. f5 b4 12. Nb1 exf5 13. Rxf5 Be7 14. Nd2 d5 15. exd5 Nd4 16. Rf2 Bxd5
17. Bxd5 Nxd5 18. Nc4 O-O {Vasiukov,E-Murshed,N/Doha op/1992/1/2-1/2 (63)}) (
10... Be7 11. a3 Nd7 12. f5 e5 13. Nd5 Nf6 14. Nxe7 Qxe7 15. c3 a5 16. g4 Qc7
17. Nf2 Nd7 18. h4 f6 19. Qb3 c4 20. dxc4 Nc5 21. Qa2 bxc4 22. Qxc4 a4 {
Kogan,A-Antic,D/Serbian CF 29th/1998/1/2-1/2 (67)}) 11. Na4 Be7 12. f5 e5 13.
Nf2 a5 14. c3 Rc8 15. h4 Ba6 16. Re1 Bb5 17. a3 Rb8 18. Be3 b3 19. Qxb3 Bxd3
20. Qd1 Bc4 {0-1 Vasiukov,E-Vyzmanavin,A/Moscow-ch/1984/ (39)}) (8... Nc6 9. f4
Be7 10. f5 exf5 11. exf5 d5 12. Nxd5 $6 Nxd5 13. Qh5 Bxg5 14. Bxg5 Nf6 15.
Rae1+ Kf8 16. Bxf6 Qxf6 17. Re6 Qd4+ {0-1 Najer,E-Ionov,S/Petrov mem/1998/ (39)
}) 9. Ne2 Be7 (9... h6 10. Nh3 Be7 11. f4 Nc6 $11) 10. f4 (10. a3 a5 11. f4 Qb6
$11) 10... d5 11. e5 Nfd7 (11... Ng4 $6 12. Nf3 {xNg4}) 12. Nf3 Nc6 13. c4 bxc3
(13... dxc4 14. dxc4 Qc7 15. Be3 $11) (13... d4 14. a3 a5 $11) 14. bxc3 a5 15.
Rb1 Rb8 (15... Ba6 $6 16. f5 exf5 17. Nf4 Ndxe5 18. Nxe5 Nxe5 19. Re1 $14) 16.
f5 $5 {Rublevsky's king is not safe and dry yet so white can afford a small
sacrifice in order to open the position.} Bc8 (16... Ndxe5 17. Nxe5 Nxe5 18.
fxe6 fxe6 19. Bh3 d4 (19... Qd6 20. Bf4 $16) 20. Bf4 $14) (16... exf5 17. Bf4
g5 18. e6 gxf4 19. exd7+ Qxd7 20. Nxf4 O-O 21. Nd2 Ne5 22. Qh5 $13) 17. Rxb8
Ndxb8 18. fxe6 Bxe6 (18... fxe6 19. Bh3 Na6 20. Nf4 Nc7 21. Ng5 $5 Bxg5 22.
Qh5+ Kd7 23. Nxe6 Nxe6 24. Bxg5 Ne7 25. Bxe6+ Kxe6 26. Qg4+ Kxe5 27. Bf4+ Kf6
28. Bc7+ $18) 19. Nf4 O-O (19... Bg4 20. h3 Bxf3 21. Qxf3 Nxe5 22. Qe2 Nbc6 23.
Nxd5 $16) 20. Nxe6 fxe6 21. Bf4 {White is certainly better with two bishops
and a chance to capitalize on the open b file and the weak e6 pawn.} Na6 (21...
g5 22. Nxg5 $5 (22. Be3 g4 23. Nd2 Rxf1+ 24. Nxf1 Nxe5 25. d4 cxd4 26. cxd4
Nf3+ 27. Bxf3 gxf3 28. Qxf3 Qe8 $11) 22... Bxg5 23. Qg4 Rf5 (23... h6 24. Qxe6+
Kg7 25. Bxd5 $14) 24. h4 h5 25. Qxh5 Bxf4 26. Qg6+ Kh8 27. Rxf4 $11) 22. Qa4
Qd7 (22... Qb6 23. Bh3 Nc7 $14) 23. Rb1 Rb8 24. Rxb8+ Naxb8 25. Qb5 $14 Qc8 (
25... d4 26. cxd4 cxd4 27. Bc1 $14) 26. c4 Qa6 (26... dxc4 27. Qxc4 Qd7 28. Bh3
$16) 27. Bh3 Kf7 (27... Qxb5 $2 28. Bxe6+ Kf8 29. cxb5 $18) 28. Qb1 (28. a4
Qxb5 29. cxb5 Nb4 30. Kh1 $13) 28... dxc4 29. dxc4 Qxc4 (29... h6 30. Qh7 Qxc4
31. Bxh6 Qxa2 32. Bxg7 $40) 30. Qxh7 Nd4 {The defender has managed to get some
counterplay at a cost of opening the position for the white bishops.} (30...
Qxa2 31. Bh6 $40) 31. Qh5+ Kf8 (31... g6 $5 32. Qh7+ Ke8 33. Qxg6+ Kd7 34. Nxd4
(34. Qg4 Ne2+ 35. Kf2 Nxf4 36. Qxf4 Qxa2+ $13) 34... Qxd4+ 35. Kf1 Qa1+ 36. Ke2
Qxa2+ 37. Bd2 Nc6 $13) 32. Bf1 Nxf3+ (32... Qd5 33. Nxd4 Qxd4+ 34. Kg2 Qd5+ 35.
Kh3 $14) 33. Qxf3 Qd5 (33... Qxa2 $2 34. Bg5+ Ke8 35. Bb5+ Kd8 36. Qb7 Qb1+ 37.
Kg2 Qc2+ 38. Kh3 Qf5+ 39. g4 $18) 34. Qxd5 exd5 35. Bb5 $1 {[%mdl 4096] xNb8}
g5 (35... c4 $5 36. e6 c3 37. Bxb8 c2 38. Bf4 Ba3 $14) 36. Bd2 Bd8 $2 {The
passive approch loses the game since black king will not be able to help the
poor knight on b8.} (36... Kf7 37. Bxa5 Ke6 38. Bc7 Nd7 $132 39. a4 Nxe5 40. a5
c4 41. Bb6 c3 42. Ba4 d4 43. a6 d3 44. a7 c2 45. a8=Q (45. Be3 Bc5 $1 $19)
45... c1=Q+ 46. Kg2 $13) 37. e6 c4 (37... g4 38. Bh6+ Ke7 39. Bg5+ $18) 38. Kf1
a4 (38... Bf6 39. Bxa5 Ke7 40. Bc7 c3 41. Ke2 c2 42. Kd2 $18) 39. Ke2 Bf6 (
39... Bc7 40. Bb4+ $18) 40. Bb4+ Be7 (40... Kg7 41. e7 $18) 41. Ba5 Bd6 (41...
d4 42. Bxa4 (42. Bc7 d3+ 43. Kd1 c3 44. Bxd3 Nc6 $16) 42... Bd6 43. Bb5 c3 44.
Bd8 $18) 42. Bd8 g4 43. e7+ $1 Bxe7 44. Bc7 (44. Bc7 d4 45. Bxb8 d3+ 46. Kd1
$18) 1-0

[Event "Astrakhan FIDE GP"]
[Site "Astrakhan"]
[Date "2010.05.19"]
[Round "9"]
[White "Inarkiev, Ernesto"]
[Black "Mamedyarov, Shakhriyar"]
[Result "0-1"]
[WhiteElo "2669"]
[BlackElo "2763"]
[Annotator "Ftacnik,L"]
[PlyCount "92"]
[EventDate "2010.05.10"]
[EventType "tourn"]
[EventRounds "13"]
[EventCountry "RUS"]
[EventCategory "20"]
[SourceTitle "CBM 137"]
[Source "ChessBase"]
[SourceDate "2010.07.15"]
[SourceVersion "1"]
[SourceVersionDate "2010.07.15"]
[SourceQuality "1"]

1. e4 c5 2. Nf3 e6 3. c4 Nc6 4. Nc3 Nd4 5. g3 Ne7 6. Nxd4 {So far White
players have not been able to gain any fame in this line. The miserable score
must be tied to the fact that an important central square d4 has fallen into
enemy hands.} (6. Bg2 Nec6 7. O-O (7. Ne2 Nxf3+ 8. Bxf3 Ne5 9. Bg2 Nxc4 10. b3
Ne5 11. O-O Nd3 12. Qc2 Nxc1 13. Raxc1 Be7 14. d4 cxd4 15. Nxd4 d6 16. Qc7 Qxc7
17. Rxc7 Rb8 18. Rfc1 Bd7 19. a4 a6 20. e5 d5 21. R7c2 O-O {0-1 Zaper,M-Brulic,
D (2222)/Split 2005 (52)}) 7... Be7 (7... h5 8. Nxd4 cxd4 9. Ne2 h4 10. d3 e5
11. Bd2 a5 12. f4 d6 13. f5 hxg3 14. Nxg3 Qh4 15. Qf3 Be7 16. h3 Bg5 17. Be1
Be3+ 18. Kh2 Ne7 19. Ne2 Qh6 $17 {0-1 Kociscak,J (2180)-Bernasek,J (2517)/
Ceska Trebova 2007 (29)}) 8. d3 O-O 9. Nxd4 (9. Ne1 f5 10. f4 d6 11. Be3 Bd7
12. Rb1 a6 13. a3 Rb8 14. b4 b5 15. cxb5 axb5 16. Qd2 Ra8 17. bxc5 Rxa3 18.
Nxb5 Nxb5 19. Rxb5 Nd4 20. Rb7 dxc5 $11 {1-0 Sorroche Martin,J (2255)-Navarro
Alvarez,A (2130)/Barcelona 2003 (63)}) 9... cxd4 10. Ne2 Rb8 11. a4 a6 12. b3
b5 13. axb5 axb5 14. Ba3 Bxa3 15. Rxa3 Qe7 16. Ra1 Qb4 17. Qc2 f6 18. Rfb1 Bb7
19. cxb5 Qxb5 20. Qc4 Ba8 21. Ra4 Qxc4 22. Rxc4 e5 $15 {The white bishop on g2
was not a pretty piece in Berezjuk,S (2433)-Votava,J (2546)/Czechia 2008 (62).}
) 6... cxd4 7. Ne2 Nc6 (7... e5 8. d3 d6 9. Bg2 g6 10. Bg5 Bg7 11. Qc1 h6 12.
Bd2 Bg4 13. f3 Be6 14. O-O Rc8 15. b3 Qd7 16. a4 f5 17. b4 g5 18. b5 O-O 19.
Bb4 d5 20. Qa3 dxe4 21. Bxe7 exd3 22. Nc1 Rfe8 23. Bb4 Bxc4 24. Nxd3 $16 {
0-1 Vasina,O (2001)-Ivanenko,O (2033)/Lugansk 2010 (48)}) 8. Bg2 Rb8 (8... h5
9. h4 Bd6 10. Qb3 $13) 9. O-O b5 {Black cannot boast an advantage in
development. His ambition is simply to get a strategically sound position.} 10.
d3 (10. cxb5 Rxb5 11. b3 Ba6 12. Bb2 Qb6 13. d3 Bc5 $15) 10... bxc4 11. dxc4 e5
12. b3 a5 (12... h5 $5 13. Bd2 Be7 14. Nc1 h4 $15) 13. f4 $2 {Every failure
has a reason for it and in this case the culprit lies in a strategically
faulty solution.} (13. Bd2 $1 Be7 14. Nc1 O-O 15. Nd3 $11) 13... Bc5 14. Kh1 d6
15. Bd2 {The advance of the f-pawn has weakened the e4-square and the white
king has to worry about the opponent's attack along the h-file.} (15. f5 h5 (
15... O-O 16. f6 gxf6 17. Bh6 Re8 18. Nc1 Be6 $15) 16. h4 a4 $15) 15... Bg4 (
15... h5 16. f5 h4 $17) 16. Bf3 (16. h3 h5 17. Be1 Bd7 18. Nc1 h4 $17) 16...
Bxf3+ 17. Rxf3 f5 $1 {Mamedyarov is enjoying the company of world chess elite
thanks to his extraordinary feeling for the initiative and remarkable tactical
gift. The weakness number one for White has become the e4-square.} 18. Qc2 (18.
exf5 e4 19. Rf1 O-O $17) 18... Qe7 19. Re1 O-O 20. Nc1 (20. exf5 e4 21. Nc1
Rbe8 22. Rff1 Qb7 $1 $19) 20... Nb4 21. Bxb4 {Inarkiev must have parted with
the bishop without any enthusiasm, but the pressure against the centre seemed
to be unbearable.} (21. Qb1 Rbe8 $1 (21... Qb7 22. Nd3 exf4 23. Nxc5 dxc5 24.
Rxf4 Rbe8 25. Kg1 fxe4 26. Rfxe4 Rxe4 27. Qxe4 Qxe4 28. Rxe4 Nxa2 29. Re5 $15)
22. fxe5 Qb7 23. a3 Nc6 24. Rxf5 Rxf5 25. exf5 Rxe5 26. Nd3 Rxe1+ 27. Nxe1 Ne5+
28. Ng2 Bxa3 $17) 21... Bxb4 22. Re2 Qb7 23. Kg1 (23. fxe5 $2 fxe4 24. Rxf8+
Rxf8 $19) 23... Ba3 $1 24. Rf1 Rbe8 25. Rfe1 Bb4 26. Rf1 Ba3 (26... Qa8 27.
fxe5 (27. h3 Ba3 $17) 27... dxe5 28. Rxf5 Rxf5 29. exf5 e4 $17) 27. Rfe1 d5 $5
{[%mdl 64] An excellent idea, confronting White with an impossible choice -
the opening of the c-file or the failure to defend the e4-square.} (27... exf4
28. exf5 Rxe2 29. Qxe2 fxg3 30. hxg3 Rxf5 31. Qe6+ Rf7 $17) 28. cxd5 (28. exd5
e4 29. Kg2 Qb6 30. Rd1 Bb4 $17) (28. exf5 e4 29. cxd5 Qxd5 $17) 28... Rc8 29.
Qb1 Rxc1 $2 {Nobody is perfect and thus even the brightes chess idea is not
complete, unless fully realised. Black has not noticed that the exchange on
the f4-square would have crowned his idea with full success.} (29... exf4 $1
30. gxf4 (30. exf5 fxg3 31. hxg3 Qxd5 $19) 30... Rxc1 31. Rxc1 d3 32. Qxd3 Bxc1
33. e5 Bxf4 $19) 30. Rxc1 d3 31. Qxd3 (31. Re3 Qb6 32. Rce1 d2 33. R1e2 exf4
34. gxf4 Bc5 $19) 31... Bxc1 32. fxe5 f4 33. gxf4 $2 {It looks like Inarkiev
is trying to rectify the situation for the enemy by ignoring his omission on
29th move. The opening of the kingside will have fatal consequences for the
final phase.} (33. d6 $1 Be3+ (33... Qa7+ 34. Kh1 f3 35. Re1 Ba3 36. Rf1 $14)
34. Kh1 Qf7 35. gxf4 Bxf4 36. Rf2 g5 37. Qb5 Qa7 $15) 33... Bxf4 34. e6 Be5 35.
Qe3 Qb4 36. Kg2 h6 (36... Bd4 $1 37. Qh3 (37. Qd2 Qe7 $19) 37... Qb5 38. Re1
Rf2+ 39. Kh1 Be5 $19) 37. Qd2 Qc5 38. Qe3 (38. Qc2 Qe7 39. Rf2 Qg5+ 40. Kf1
Rxf2+ 41. Qxf2 Qh5 $17) 38... Qb4 39. Qd2 Qe7 $1 {The black queen is
retreating from the dance on the queenside; the transfer to the opposite flank
will decide matters.} 40. h3 (40. Rf2 Qh4 41. Rxf8+ Kxf8 $19) 40... Qh4 41. Qe3
Rf6 (41... Bd4 $1 42. Qxd4 Qg5+ 43. Kh2 Qf4+ 44. Kh1 Qf1+ $19) 42. Rf2 (42. e7
Rg6+ 43. Kh1 Qxe7 $19) 42... Rg6+ 43. Kf1 Rg3 {The coordinated black forces
will easily deal with lame resistance of the reduced number of defenders.} 44.
Qa7 (44. Rf3 Qxh3+ 45. Ke2 Bd4 46. e7 Bxe3 47. e8=Q+ Kh7 48. Rxg3 Qxg3 $19)
44... Qxh3+ 45. Ke2 Kh7 46. Qf7 Re3+ (46... Re3+ 47. Kd2 Rd3+ 48. Kc2 Rc3+ 49.
Kd1 Qe3 $19) 0-1